| 000 | 00383cam a22001337a 4500 | ||
|---|---|---|---|
| 008 | 180718b1963 xxu||||| |||| 00| 0 eng d | ||
| 082 | _aJ7 R275 | ||
| 100 | _aReiner, T.A. | ||
| 245 |
_aThe place of the ideal community in urban planning _cby T.A. Reiner |
||
| 260 |
_aPhiladelphia _bUniv. of Pennsylvania Press _c1963 |
||
| 300 | _a194p. | ||
| 500 | _a$9.50 | ||
| 650 | _aCity Planning | ||
| 999 |
_c352375 _d352375 |
||